Important People of the 13th Century - Statistics

General Stats
  • This quiz has been taken 33 times
    17 since last reset
  • The average score is 5 of 35
Answer Stats
Hint Answer % Correct
Mongolia (Khan) Genghis Khan
100%
Mongolia (Khan) Kublai Khan
88%
Italy (Explorer) Marco Polo
88%
UK (King) Edward I
63%
France (King) Louis IX
50%
Germany (Emperor) Frederick II
38%
Italy (Priest) Francis of Assisi
19%
Russia (Prince) Alexander Nevsky
13%
Mongolia (Khan) Möngke Khan
13%
Sweden (Statesman) Birger Jarl
6%
Japan (Statesman) Hojo Tokimune
6%
Iran (Shah) Ala ad-Din Muhammad II
0%
Nepal (Artist) Araniko
0%
Egypt (Sultan) Baibars
0%
Afghanistan (General) Bakhtiyar Khalji
0%
Italy (Marquis) Boniface I
0%
Spain (Priest) Dominic of Osma
0%
Chad (Mai) Dunama Dabbalemi
0%
Nigeria (King) Eze Nri Omalo
0%
Italy (Scientist) Fibonacci
0%
Hungary (Priest) Friar Julian
0%
Mongolia (Khan) Hulagu Khan
0%
Turkey (Emperor) Michael VIII Palaiologos
0%
China (Artist) Muqi
0%
Japan (Priest) Nichiren
0%
Indonesia (King) Raden Wijaya
0%
India (Sultan) Razia Sultana
0%
India (Queen) Rudrama Devi
0%
China (Statesman) Shi Miyuan
0%
Thailand (King) Si Inthrathit
0%
India (King) Simhana
0%
Mali (King) Sundiata Keita
0%
Vietnam (Emperor) Tran Thai Tong
0%
Germany (Knight) Winrich von Kniprode
0%
China (Artist) Xia Gui
0%
No matching quizzes found
Score Distribution
Percent of People with Each Score
Percentile by Number Answered
Your Score History
You have not taken this quiz since the last reset